Nestrácajme čas pseudoproblémami
Porovnanie vývoja ekonomickej spoločnosti na Slovensku a v najvyspelejších krajinách sveta. Významné tendencie a štrukturálne zmeny svetovej ekonomiky. Oblasti možných porúch v transformačnom procese na Slovensku.
Gespeichert in:
| 1. Verfasser: | |
|---|---|
| Format: | Buchkapitel |
| Sprache: | Slowakisch |
| Schlagworte: | |
| Tags: |
Keine Tags, Fügen Sie das erste Tag hinzu!
|
MARC
| LEADER | 00000naa a2200000 4500 | ||
|---|---|---|---|
| 001 | r025530 | ||
| 005 | 20230824085411.1 | ||
| 041 | 0 | |a slo | |
| 044 | |a SK | ||
| 245 | 1 | 0 | |a Nestrácajme čas pseudoproblémami |c V. Valach |
| 520 | |a Porovnanie vývoja ekonomickej spoločnosti na Slovensku a v najvyspelejších krajinách sveta. Významné tendencie a štrukturálne zmeny svetovej ekonomiky. Oblasti možných porúch v transformačnom procese na Slovensku. | ||
| 610 | 2 | 0 | |a svet |
| 610 | 2 | 0 | |a Slovensko |
| 610 | 2 | 0 | |a 1997 |
| 610 | 2 | 0 | |a vývoj hospodársky |
| 610 | 2 | 0 | |a história |
| 610 | 2 | 0 | |a hospodárstvo svetové |
| 610 | 2 | 0 | |a transformácia |
| 610 | 2 | 0 | |a zmeny štruktúrne |
| 100 | 1 | |a Valach, V. | |